La guerra de los chefs /

Un cocinero, un astronauta y un hipopótamo detective sellarán su amistad en la aventura que deben afrontar en el barrio Medianos de Febrero.

Guardado en:
Autor Principal: Muzzio, Diego.
Otros Autores: Trillo, Matías; il.
Formato: Libro
Idioma:Undetermined
Publicado: Boulogne : Estrada, 2016.
Edición:1a ed. 2a reimp.
Series:Azulejos. Naranja ; 51
Materias:
Etiquetas: Agregar Etiqueta
Sin Etiquetas, Sea el primero en etiquetar este registro!
LEADER 00809nam a22002175a 4500
001 CEM.cems020987
008 240408s2016####xx############000#0#und#d
005 20240408181557.0
245 1 0 |a La guerra de los chefs /  |c Diego Muzzio ; ilustrado por Matías Trillo. 
250 |a 1a ed. 2a reimp. 
260 |a Boulogne :  |b Estrada,  |c 2016. 
300 |a 160 p. 
490 1 |a Azulejos. Naranja ;  |v 51 
520 |a Un cocinero, un astronauta y un hipopótamo detective sellarán su amistad en la aventura que deben afrontar en el barrio Medianos de Febrero. 
020 |a 9789500114462 
100 1 |a Muzzio, Diego. 
700 1 |a Trillo, Matías; il. 
653 |a Literatura argentina 
653 |a Literatura infantil 
653 |a Novela infantil 
859 |a CEMS  |b BIB. CEMS - Inicial y Primaria  |h A863.4  |i M989-1  |k IP  |p 6088  |t Ej.1